CIH report on community sustainability (Record no. 72148)

MARC details
000 -LEADER
fixed length control field 00980cam a2200193 4500
001 - CONTROL NUMBER
control field WB3908-09
008 - FIXED-LENGTH DATA ELEMENTS--GENERAL INFORMATION
fixed length control field 030225n2003 000 0 eng u
035 ## - SYSTEM CONTROL NUMBER
System control number (Sirsi) u121418
245 ## - TITLE STATEMENT
Title CIH report on community sustainability
260 ## - PUBLICATION, DISTRIBUTION, ETC.
Date of publication, distribution, etc. 2003
490 ## - SERIES STATEMENT
Series statement CIH Press Release
Volume/sequential designation 19 February 2003, (1)
520 ## - SUMMARY, ETC.
Summary, etc. The Chartered Institute of Housing has published "Boom or abandonment: resolving housing conflicts in cities" which argues that continued development in the southeast of the UK will eventually hinder prosperity unless it is expanded to the north and Midlands. Also focuses on the reduction of the development of greenfield land. Copies of the report are available from The Institute of Housing on +44 (0)2476 851752 http://www.cih.org/frames.php?page=/section5/introf.php?
590 ## - LOCAL NOTE (RLIN)
Local note WB
650 ## - SUBJECT ADDED ENTRY--TOPICAL TERM
Topical term or geographic name entry element Sustainability
9 (RLIN) 6271
650 ## - SUBJECT ADDED ENTRY--TOPICAL TERM
Topical term or geographic name entry element GREENFIELD DEVELOPMENT
650 ## - SUBJECT ADDED ENTRY--TOPICAL TERM
Topical term or geographic name entry element HOUSING DEVELOPMENTS
690 ## - LOCAL SUBJECT ADDED ENTRY--TOPICAL TERM (OCLC, RLIN)
Topical term or geographic name as entry element PROPERTY-PROPERTY DEVELOPMENT
942 ## - ADDED ENTRY ELEMENTS (KOHA)
Suppress in OPAC 0
Holdings
Withdrawn status Lost status Source of classification or shelving scheme Damaged status Not for loan Home library Current library Shelving location Date acquired Total Checkouts Full call number Barcode Date last seen Copy number Price effective from Koha item type
    Dewey Decimal Classification     London London News article 25/02/2003   WB3908-09 121418-1001 06/08/2019 1 06/08/2019 News article